Statistics for Team Fortress 2 Weapons Quiz

Click here to take the quiz!

General Stats

  • This quiz has been taken 19 times
  • The average score is 113 of 220

Answer Stats

HintAnswer% Correct
Secondary Weapon for Engineer | Secondary Weapon for ScoutPistol
92%
Primary Weapon for ScoutScattergun
85%
This gun deals mini-crits when fired at an enemy’s backThe Back Scatter
85%
This gun knocks back both the player and targetThe Force-A-Nature
85%
This pistol shoots four bullets at a timeThe Shortstop
85%
This gun can allow you to activate HypeThe Soda Popper
85%
FISH KILL!The Holy Mackerel
77%
Shotgun that can shoot four shells at a time | Shotgun that shoots four shells at a timeThe Panic Attack
77%
Can hit a baseball that slows enemiesThe Sandman
77%
Melee Weapon for ScoutBaseball Bat
69%
This drink allows you to run fast and take no damageBonk! Atomic Punch
69%
This drink allows your weapons to deal critsCrit-a-Cola
69%
This substance allows you to heal 60% damage from an enemy covered in itMad Milk
69%
Primary Weapon for SoldierRocket Launcher
69%
Primary Weapon for Engineer | Secondary Weapon for Heavy | Secondary Weapon for Pyro | Secondary Weapon for SoldierShotgun
69%
Primary Weapon for SniperSniper Rifle
69%
Gives the player a triple-jumpThe Atomizer
69%
Flamethrower that mini-crits when attacking enemies from behindThe Backburner
69%
Deals damage to yourself if you hit anything else besides an enemyThe Boston Basher
69%
Minigun made of brassThe Brass Beast
69%
Drops a health pack on killThe Candy Cane
69%
Has fast rocket speed, but a small explosion radiusThe Direct Hit
69%
Gun that shoots a flareThe Flare Gun
69%
Always deals crits against burning enemiesThe Sun-on-a-Stick
69%
Device that allows a Spy to disguise as an enemyDisguise Kit
62%
Melee Weapon for PyroFire Axe
62%
Melee Weapon for HeavyFists
62%
Primary Weapon for PyroFlamethrower
62%
Device that allows a Spy to become invisibleInvis-Watch
62%
Melee Weapon for SpyKnife
62%
Melee Weapon for SniperKukri
62%
Secondary Weapon for MedicMedi Gun
62%
Primary Weapon for HeavyMinigun
62%
Primary Weapon for SpyRevolver
62%
Melee Weapon for SoldierShovel
62%
Secondary Weapon for SniperSubmachine Gun
62%
Deals crits on burning enemiesThe Axtinguisher
62%
Arabian sniper rifleThe Bazaar Bargain
62%
Can fire three rockets at onceThe Beggar’s Bazooka
62%
Can restore 20% health on hitThe Black Box
62%
Futuristic rocket launcher that requires no ammoThe Cow Mangler 5000
62%
Watch that makes you invisible when you take damageThe Dead Ringer
62%
Allows player to move faster with lower healthThe Escape Plan
62%
Can mark an enemy for death for 15 seconds, during which they take mini-crits onlyThe Fan o’ War
62%
Cleaver that makes the target bleed on hitThe Flying Guillotine
62%
Wooden bow and arrowThe Huntsman
62%
Wrench that allows you to build Sentries fasterThe Jag
62%
Jar of urine that makes an enemy take more damageThe Jarate
62%
German pistolThe Lugermorph
62%
Shovel used in the Trolldier strategyThe Market Gardener
62%
This weapon’s view model is in the middle of the screenThe Original
62%
Stick with a railroad spike driven through itThe Pain Train
62%
Deals no damage to enemies or players, but grants the player triple max ammoThe Rocket Jumper
62%
Gold statue of Saxton Hale distributed by ValveThe Saxxy
62%
Flare Gun that enables the Execution tauntThe Scorch Shot
62%
Minigun that has a silent spin-upThe Tomislav
62%
Shotgun that fires metalThe Widowmaker
62%
Device that allows you to manually control your SentryThe Wrangler
62%
Melee Weapon for EngineerWrench
62%
Pointed boots that give you 100% turning while chargingAli Baba’s Wee Booties
54%
Gun named after a real-life gangsterBaby Face’s Blaster
54%
Melee Weapon for MedicBonesaw
54%
Melee weapon for DemomanBottle
54%
Knife that allows you to absorb your victim’s healthConniver’s Kunai
54%
Device that allows the Engineer to buildConstruction PDA
54%
Device that allows the Engineer to destroy a buildingDestruction PDA
54%
Primary Weapon for DemomanGrenade Launcher
54%
Same as above, but has bread in itMutated Milk
54%
Minigun that slows enemies on hitNatascha
54%
This pistol is also named after a real-life gangsterPretty Boy’s Pocket Pistol
54%
Secondary Weapon for DemomanStickybomb Launcher
54%
Primary Weapon for MedicSyringe Gun
54%
Rocket launcher that is modeled like an atomic bombThe Air Strike
54%
Revolver that does crits on headshotThe Ambassador
54%
Rake that has a 25% damage bonus, but healing is reduced by 75%The Back Scratcher
54%
Allows you to parachute while airborneThe B.A.S.E. Jumper
54%
A futuristic version of a batThe Batsaber
54%
Kukri that turns mini-crits into critsThe Bushwacka
54%
Alien blasterThe C.A.P.P.E.R.
54%
Sniper rifle from Team Fortress ClassicThe Classic
54%
Backpack that regenerates 1 health per secondThe Cozy Camper
54%
Syringe gun that shoots one bolt at a time and can heal teammatesThe Crusader’s Crossbow
54%
Flamethrower that allows for a faster weapon switchThe Degreaser
54%
Flare gun that fires a flare that can be remotely detonatedThe Detonator
54%
Revolver that adds crits on backstabThe Diamondback
54%
Flamethrower that fires a fireballThe Dragon’s Fury
54%
Sword that gives you extra health and speed after every killThe Eyelander
54%
Large shotgun that is good at medium rangeThe Family Business
54%
Metallic gloves that protect you from headshotsThe Fists of Steel
54%
Weapon awarded to players who purchase Left 4 Dead 2The Frying Pan
54%
Boxing gloves that make you fasterThe Gloves of Running Urgently
54%
Golden version of aboveThe Golden Frying Pan
54%
Pair of boots that allows you to take less rocket jump damageThe Gunboats
54%
Sniper rifle that can allow you to activate FocusThe Hitman’s Heatmaker
54%
Hammer that can remove enemy SappersThe Homewrecker
54%
Minigun that can be unlocked in Poker Night at the InventoryThe Iron Curtain
54%
Medi Gun that gives 100% crits on UberchargeThe Kritzkrieg
54%
Reduction in rocket jump damage and bigger clip sizeThe Liberty Launcher
54%
Sniper rifle that can’t shoot while not scopedThe Machina
54%
Futuristic ray gun that requires no ammoThe Pomson 6000
54%
Weapon that gives 75 health on killThe Powerjack
54%
Tribal shield that protects you from a single backstab attemptThe Razorback
54%
Deals mini-crits to enemies that are airborne | Shotgun that deals mini-crits to an airborne enemyThe Reserve Shooter
54%
Food item that restores healthThe Sandvich
54%
Knife that turns your victim into an ice statue on backstabThe Spy-cicle
54%
Sniper rifle that can shoot JarateThe Sydney Sleeper
54%
A ship’s wheel that allows you to turn while chargingThe Tide Turner
54%
Bonesaw that adds 25% Uber on hitThe Ubersaw
54%
Medi Gun that can activate Ubercharge up to four timesThe Vaccinator
54%
Can hit a bauble that explodes on impact and causes bleedingThe Wrap Assassin
54%
Knife that disguises you as your victim on backstabYour Eternal Reward
54%
Same as above, but as a Wheatley core from PortalThe Ap-Sap
46%
Sniper rifle from Counter-Strike: Global OffensiveThe AWPer Hand
46%
Knife that gives 30% cloak and a speed boost on killThe Big Earner
46%
Exact same as above, but with a different kill iconThe Big Kill
46%
Syringe gun that drains 2 health per second but adds 3 health on hitThe Blutsauger
46%
Food item that gives mini-crits on melee weaponsThe Buffalo Steak Sandvich
46%
Dealing enough damage will allow you to buff your teamThe Buff Banner
46%
Wooden shield that gives you resistance and allows you to chargeThe Chargin’ Targe
46%
Watch that regenerates cloak while standing stillThe Cloak and Dagger
46%
Pickaxe that deals more damage the less health you haveThe Equalizer
46%
Wrench that allows you to teleport to spawnThe Eureka Effect
46%
Shotgun that gains crits on sentry killsThe Frontier Justice
46%
Very rare wrench that is distributed by ValveThe Golden Wrench
46%
Samurai sword that deals damage when you switch to a different weapon | Samurai sword that delivers a one-hit kill to an enemy Soldier with the same weaponThe Half-Zatoichi
46%
Food weapon used by all classes except Engineer and SpyThe Ham Shank
46%
Mittens that force an enemy to laugh on hitThe Holiday Punch
46%
Weapon available to players who have defeated the Horseless Headless HorsemannThe Horseless Headless Horsemann’s Headtaker
46%
Minigun that creates a ring of fireThe Huo-Long Heater
46%
Grenade launcher that shoots grenades with very little bounce and rollThe Iron Bomber
46%
Boxing gloves that give a crit boost on killThe Killing Gloves of Boxing
46%
Revolver that adds 15% cloak on hitThe L’Etranger
46%
Axe that allows player to access PyrolandThe Lollichop
46%
Grenade launcher that shoots cannon ballsThe Loose Cannon
46%
Futuristic laser gun that melts enemiesThe Manmelter
46%
Pair of boots that gives you more resistance to knockbackThe Mantreads
46%
Weapon that deals crits against wet enemiesThe Neon Annihilator
46%
Futuristic flamethrower that allows player to activate MmphThe Phlogistinator
46%
Medi Gun that gives 300% increased healing on UberchargeThe Quick-Fix
46%
Flamethrower that allows player to access PyrolandThe Rainblower
46%
Stickybomb launcher that allows you to pick which stickies to detonateThe Scottish Resistance
46%
Knife from Assassin’s Creed: Revelations The Sharp Dresser
46%
Obsidian axe that ignites enemies on hitThe Sharpened Volcano Fragment
46%
Futuristic sniper rifle that can shoot through multiple enemiesThe Shooting Star
46%
Device that shoots electricityThe Short Circuit
46%
Bust that allows you to see enemy healthThe Solemn Vow
46%
Wrench that makes an enemy bleed on hitThe Southern Hospitality
46%
Stickybomb launcher similar to the Rocket JumperThe Sticky Jumper
46%
Can also deal damage to yourself, and can make enemies bleedThe Three-Rune Blade
46%
Bonk!-themed pistolThe Winger
46%
Shield that gives you immunity to afterburnDarwin’s Danger Shield
38%
A golf club that functions similar to the aboveNessie’s Nine Iron
38%
Bonesaw that can heal teammates with a tauntThe Amputator
38%
Boxing gloves from Saints Row: The ThirdThe Apoco-Fists
38%
When charged, it gives you extra health and reduces all damage dealt by playersThe Battalion’s Backup
38%
Knife from Alliance of Valiant ArmsThe Black Rose
38%
Same as above, but with breadThe Bread Bite
38%
Food item that gives 50 extra health for 30 secondsThe Dalokohs Bar
38%
Revolver that gives a 20% damage bonus while disguisedThe Enforcer
38%
Brass knuckles with spikes on themThe Eviction Notice
38%
Same as the above, but made of fishThe Fishcake
38%
Same as above, but looks more advancedThe Giger Counter
38%
Robotic arm that can build a Mini-SentryThe Gunslinger
38%
SLAP KILL!The Hot Hand
38%
Break-action grenade launcher with a small clip sizeThe Loch-n-Load
38%
Same as above, but is the sledgehammer from Red Faction: ArmageddonThe Maul
38%
Sapper that reverses the building process on a buildingThe Red-Tape Recorder
38%
Shotgun that can repair a sentry by shooting boltsThe Rescue Ranger
38%
Ray gun that deals great amounts of damageThe Righteous Bison
38%
Robotic version of the aboveThe Robo-Sandvich
38%
Battle axe with 20% damage bonusThe Scotsman’s Skullcutter
38%
Food item that restores less health, but recharges fasterThe Second Banana
38%
Same as above, but with breadThe Self-Aware Beauty Mark
38%
Same as above, but with breadThe Snack Attack
38%
An iron shield similar to the Chargin’ TargeThe Splendid Screen
38%
The severed arm of an enemy SpyThe Unarmed Combat
38%
Bonesaw that gives you Uber after death depending on number of hitsThe Vita-Saw
38%
Bear claws that give you 10 health on hitThe Warrior’s Spirit
38%
Weapon that is a skull and spineThe Bat Outta Hell
31%
Same as above, but with a peg legThe Bootlegger
31%
Zweihander sword that increases charge timeThe Claidheamh Mor
31%
Submachine gun that gives you mini-crits on killThe Cleaner’s Carbine
31%
When charged, it gives your team a 10-second speed boostThe Concheror
31%
Whip that gives teammates a speed boostThe Disciplinary Action
31%
Metallic bow and arrowThe Fortified Compound
31%
Staff with a golden eagle on itThe Freedom Staff
31%
Gas can that coats enemies in a flammable liquid that ignites them when damage is takenThe Gas Passer
31%
Camera awarded to Saxxy Awards finalistsThe Memory Maker
31%
Syringe gun that makes you faster as Uber builds upThe Overdose
31%
Scimitar that reduces recharge timeThe Persian Persuader
31%
Same as above, but is a mailboxThe Postal Pummeler
31%
Knife awarded to players who purchase Disgaea PCThe Prinny Machete
31%
Stickybomb launcher that can destroy enemy stickiesThe Quickiebomb Launcher
31%
Similar to the above, but with a rum bottleThe Scottish Handshake
31%
Axe that deals damage to anyone connected via a healing beamThe Third Degree
31%
Kukri made of woodThe Tribalman’s Shiv
31%
German grenade that explodes on impactThe Ullapool Caber
31%
Same as above, but as a voodoo pinThe Wanga Prick
31%
Stock Sapper for SpyElectro-Sapper
23%
Railroad signThe Crossing Guard
23%
Same as above, but has Pac-Man on itThe Enthusiast’s Timepiece
23%
Mallet awarded to those who complete the Carnival of Carnage: Step Right Up MerasmachievementThe Necro Smasher
23%
Flamethrower from the movie AlienThe Nostromo Napalmer
23%
Same as above, but has a duck on itThe Quackenbirdt
23%
Kukri that does less damage with more health and vice versaThe Shahanshah
23%
Jetpack that causes knockbackThe Thermal Thruster
23%
Road sign that can be customizedThe Conscientious Objector
15%

Score Distribution

Percentile by Number Answered

Percent of People with Each Score

Your Score History

You have not taken this quiz